| 000 | 01156nam a22003491i 4500 | ||
|---|---|---|---|
| 003 | OSt | ||
| 005 | 20201215155943.0 | ||
| 008 | 201210t20192019ts a|||jr|||| 000 1 ara d | ||
| 020 |
_a9789948243854 _cRM 29.90 _qpaperback |
||
| 040 |
_aPPAK _beng _cPPAK _erda |
||
| 082 | 0 | 4 |
_223 _a892.773 |
| 090 | 0 | 0 |
_a892.773 _bARA _dK |
| 100 | 1 |
_aArab, Nour, _eauthor. |
|
| 245 | 1 | 0 |
_6880-01 _aNaya Fi Mishwar = _bNAYA Let's Go! / _cStory by: Nour Ahmad Arab ; Art: Medo El-Aashre. |
| 246 | 1 | 3 | _aNaya Peekaboo! |
| 264 | 1 |
_aSharjah, United Arab Emirates: _bNour Publishing, _c2019 |
|
| 264 | 4 | _c©2019 | |
| 300 |
_a18 pages : _bcolour illustrations ; _c22 cm |
||
| 336 |
_2rdacontent _atext |
||
| 337 |
_2rdamedia _aunmediated |
||
| 338 |
_2rdacarrier _avolume |
||
| 490 | 1 |
_aNaya Series ; _vStory 4 |
|
| 546 | _aParallel English and Arabic text | ||
| 650 | 0 | _aArabic fiction | |
| 650 | 0 | _aEnglish fiction | |
| 650 | 0 | _aChildren's stories, English | |
| 650 | 0 | _aChildren's stories, Arabic | |
| 700 | 1 |
_aEl-Aashre, Medo , _eillustrator. |
|
| 830 | 0 |
_aNaya Series ; _vStory 4 |
|
| 880 |
_6245-01 _a!نايا في مشوار |
||
| 942 |
_2ddc _cB |
||
| 999 |
_c180522 _d180522 |
||